Testigos del futuro : filosofía y mesianismo /
Obra que interpreta el pensamiento de nueve filósofos del siglo XX, de origen alemán o de ascendencia judía: Cohen, Rosenzweig, Benjamin, Scholem, Buber, Bloch, Strauss, Jonas y Levinas. El común denominador en ellos fue la preocupación por la reconstrucción de un pensamiento de la alteridad, crític...
Guardat en:
| Autor principal: | |
|---|---|
| Altres autors: | |
| Format: | Llibre |
| Idioma: | espanyol |
| Publicat: |
Madrid, España :
Trotta,
2012, c2012
|
| Col·lecció: | (Estructuras y Procesos. Filosofía)
|
| Matèries: | |
| Etiquetes: |
Sense etiquetes, Sigues el primer a etiquetar aquest registre!
|
MARC
| LEADER | 00000nam^a2200000^a^4500 | ||
|---|---|---|---|
| 001 | 000380916 | ||
| 005 | 20250521000000.0 | ||
| 009 | 20260310120625.029 | ||
| 020 | |a 978-84-9879-247-8 | ||
| 037 | |a Acervo ITESO - Biblioteca | ||
| 041 | |a ESP | ||
| 082 | |a 190. |b BOU | ||
| 100 | |a Bouretz, Pierre |e (autor) | ||
| 245 | 1 | 0 | |a Testigos del futuro : |b filosofía y mesianismo / |c P. Bouretz ; tr. por A. Sucasas. |
| 264 | 4 | |a Madrid, España : |b Trotta, |c 2012, c2012 | |
| 300 | |a 1021 p. | ||
| 336 | |a texto |b txt |2 rdacontenido | ||
| 337 | |a sin mediación |b n |2 rdamedio | ||
| 338 | |a volumen |b nc |2 rdasoporte | ||
| 440 | 1 | |a (Estructuras y Procesos. |p Filosofía) | |
| 500 | |a Traducción de: Témoins du futur. Philosophie et messianisme | ||
| 520 | |a Obra que interpreta el pensamiento de nueve filósofos del siglo XX, de origen alemán o de ascendencia judía: Cohen, Rosenzweig, Benjamin, Scholem, Buber, Bloch, Strauss, Jonas y Levinas. El común denominador en ellos fue la preocupación por la reconstrucción de un pensamiento de la alteridad, crítico y comprometido frente a un mundo desencantado. | ||
| 649 | |a XX | ||
| 650 | |a Filósofos Alemanes | ||
| 650 | |a Diferencia y Otredad | ||
| 650 | |a Mesianismo | ||
| 650 | |a Trascendencia | ||
| 650 | |a Sionismo | ||
| 650 | |a Judaísmo | ||
| 650 | |a Etica | ||
| 650 | |a Escuela de Frankfurt - |x Historia y Crítica | ||
| 650 | |a Filosofía Dialógica - |x Historia y Crítica | ||
| 650 | |a Filosofía del Siglo XX - |x Historia y Crítica - |x Tema Principal | ||
| 650 | |a Filosofía Alemana - |x Historia y Crítica - |x Tema Principal | ||
| 650 | |a Cohen, Hermann | ||
| 650 | |a Rosenzweig, Franz | ||
| 650 | |a Benjamin, Walter | ||
| 650 | |a Scholem, Gershom | ||
| 650 | |a Buber, Martin | ||
| 650 | |a Bloch, Ernst | ||
| 650 | |a Strauss, Leo | ||
| 650 | |a Jonas, Hans | ||
| 650 | |a Levinas, Emmanuel | ||
| 700 | |a Sucasas, Alberto |e (traducción) | ||
| 910 | |a Fondo General | ||
| 920 | |a Impresos - Libros | ||
| 930 | |a Colección General | ||
| 905 | |a 101 | ||
| 901 | |a 0500275709 |b IT1 |c ACC |i C152045 |u 20250521 | ||
| 902 | |a https://opac.biblio.iteso.mx/vufind/Record/000380916 | ||